000 00313nam a2200121Ia 4500
008 190216s9999||||xx |||||||||||||| ||und||
100 _aJames G Smith&Amp; Acheson J Duncan
245 0 _aSampling Statistics And Applications
260 _bMcgraw -hill
_c1945
300 _a498p
650 _aStatistics
942 _cBK
999 _c4466
_d4466